| 000 | 00618 a2200217 4500 | ||
|---|---|---|---|
| 001 | 200129845 | ||
| 999 |
_c200129845 _d31271 |
||
| 003 | TR-AnTOB | ||
| 005 | 20231206134552.0 | ||
| 008 | 130614s2011 tu 000 0 | ||
| 020 | _a9786055832414 | ||
| 040 | _aTR-AnTOB | ||
| 041 | _atur | ||
| 050 |
_aDS51.B34 _bB87 2011 |
||
| 090 | _aDS51.B34 .B87 2011 | ||
| 245 | 0 | 0 |
_aBurhaniye _bdoğal kaynak değerleri / _cRecep Efe ; Abdullah Soykan ; Süleyman Sönmez. |
| 264 | 1 |
_aBurhaniye : _bBurhaniye Belediyesi, _c2011 |
|
| 300 |
_a480 p; _c13 cm |
||
| 651 | 0 |
_aBurhaniye (Balıkesir İli, Türkiye) _xTarih _990891 |
|
| 999 | _tT.o 14.06.2013 | ||
| 942 | _cBK | ||